01239cam a2200325 i 45000010009000000050017000090080041000260100017000670200030000840420008001140820015001221000025001372450072001622500008002342600029002422640038002713000024003093360026003333370028003593380027003875040067004146500008004816500008004896500020004977760129005179060045006469420007006919990017006989520198007152067244420250401153940.0180917s2049 nyu b 001 0 eng  a 2018044679 a9781610398404 (hardcover) apcc00a701.03 SHN1 aShnayerson, Michael,10aBoom : Mad Money, Mega Dealers, And The Rise Of Contemporary Artb  a1st aNew Yorkb Hacettec2019 1aNew York :bPublicAffairs,c2019. a 450 pages ;c25 cm atextbtxt2rdacontent aunmediatedbn2rdamedia avolumebnc2rdacarrier aIncludes bibliographical references (pages 431-436) and index. 0aArt 0aArt 0aArt and society08iOnline version:aShnayerson, Michael.tBoom.bFirst editiondNew York : PublicAffairs, 2019z9781610398411w(DLC) 2018046063 a7bcbccorignewd1eecipf20gy-gencatlg cBK c43507d43507 00102ddc4070aIMTNbIMTNcRack 38-Ad2025-03-26eRaghav Books Private Limitedg1525.00i2374l0o701.03 SHNp33790r2025-04-01 00:00:00t30w2025-02-14yBKzDr. Mantha Raghu (Head Librarian)